Statistics for College football national champions (2014-Present)

Click here to take the quiz!

General Stats

  • This quiz has been taken 105 times
    (16 since last reset)
  • The average score is 6 of 6

Answer Stats

SeasonTeam% Correct
2016, 2018, 2021Alabama
100%
2017, 2019Clemson
93%
2022, 2023Georgia
93%
2020LSU
93%
2024Michigan
93%
2015Ohio State
80%

Score Distribution

Percentile by Number Answered

Percent of People with Each Score

Your Score History

You have not taken this quiz since the last reset